Mortgage market review (Record no. 113033)

MARC details
000 -LEADER
fixed length control field 00996cad a22002175a 4500
001 - CONTROL NUMBER
control field L154542
008 - FIXED-LENGTH DATA ELEMENTS--GENERAL INFORMATION
fixed length control field 111220s2011 xxk f 000 0 eng d
035 ## - SYSTEM CONTROL NUMBER
System control number (Sirsi) u154542
041 0# - LANGUAGE CODE
Language code of text/sound track or separate title eng
110 2# - MAIN ENTRY--CORPORATE NAME
Corporate name or jurisdiction name as entry element Financial Services Authority
9 (RLIN) 4032
245 00 - TITLE STATEMENT
Title Mortgage market review
Remainder of title Proposed package of reform[electronic resource]
260 ## - PUBLICATION, DISTRIBUTION, ETC.
Place of publication, distribution, etc. London
Name of publisher, distributor, etc. Financial Services Authority
Date of publication, distribution, etc. 2011
505 2# - FORMATTED CONTENTS NOTE
Formatted contents note Contents -- Conduct of busness reforms -- Prudential reform -- Niche market -- Annexes
520 ## - SUMMARY, ETC.
Summary, etc. Consultation on proposals for reforming the mortgage market which are based on the borrower's affordability to pay the loan including the ability to meet possible increases in interest rates.
520 ## - SUMMARY, ETC.
Summary, etc. Consultation closes 30 March 2012.
590 ## - LOCAL NOTE (RLIN)
Local note KA NTK
651 #4 - SUBJECT ADDED ENTRY--GEOGRAPHIC NAME
Geographic name UNITED KINGDOM
690 ## - LOCAL SUBJECT ADDED ENTRY--TOPICAL TERM (OCLC, RLIN)
Topical term or geographic name as entry element PROPERTY-RESIDENTIAL PROPERTY-RESIDENTIAL PROPERTY MARKET
856 40 - ELECTRONIC LOCATION AND ACCESS
Uniform Resource Identifier <a href="https://www.fsa.gov.uk/pubs/cp/cp11_31.pdf">https://www.fsa.gov.uk/pubs/cp/cp11_31.pdf</a>
Public note View the item free of charge at www.fsa.gov.uk
942 ## - ADDED ENTRY ELEMENTS (KOHA)
Suppress in OPAC 0
Holdings
Withdrawn status Lost status Source of classification or shelving scheme Damaged status Not for loan Home library Current library Shelving location Date acquired Total Checkouts Full call number Barcode Date last seen Copy number Price effective from Koha item type
    Dewey Decimal Classification     Virtual Virtual Online 20/12/2011   ONLINE PUBLICATION 154542-2001 06/08/2019 1 06/08/2019 Book